000 007280000a22001810004500
090 _aAR
_b01408
245 1 0 _aAnálisis regional de la comunidad de escarabajos coprófagos (<Coleoptera: scarabaeidae: scarabaeinae>) de los bosques secos de la región Caribe de Colombia
650 1 4 _aBiodiversidad
_992204
650 1 4 _aDisturbios antrópicos
_993298
650 1 4 _aBioindicadores
_94131
650 1 4 _aEscarabajos
_992342
651 4 _lCosta caribe
_mZambrano, Los Colorados, Tierra Bomba, Negaunje
_pColombia
_992749
653 _fScarabaeinae
041 0 _aEspañol
100 1 _aEscobar Sarria, Federico
_93531
942 _cARTICULO
773 1 _tInforme Nacional sobre el Estado de la Diversidad Colombia
_3510
_q72-75
_d1997
_g1
999 _c10492
_d10492